| 000 | 00433nam a2200157Ia 4500 | ||
|---|---|---|---|
| 005 | 20260417150920.0 | ||
| 008 | 260417s9999||||xx |||||||||||||| ||und|| | ||
| 020 | _a9781447300915 | ||
| 041 | _aeng | ||
| 100 | _aBaars/Dohmen/Grenier/Phillipson | ||
| 245 | 0 | _aAgeing, meaning and social structure | |
| 260 |
_bCambridge, Cambridge, _c2022 |
||
| 650 | _aMedia & Communication | ||
| 856 | _u10.46692/9781447300915 | ||
| 942 | _cE-BOOK | ||
| 999 |
_c50686 _d50686 |
||